000 005230000a22001930004500
001 002463
003 MACL
005 20150712153332.0
008 150712b xxu||||| |||| 00| 0 eng d
040 _aMACL
_cMACL
041 _aEnglish
082 _a320/SIN
100 _aSingh, Mahendra Prasad
_9548
245 _aCoalition Politics in India
_bProblems and Prospects
_cMahendra Prasad Singh
260 _aNew Delhi
_c2004
_bManohar Publishers,
350 _a795
650 _aPolitical Science
_988
942 _k320
_cBK
_2ddc
999 _c14375
_d14375